000 01175cas a22002415a 4500
001 L129930
008 050606c1995 xxkqr p 0 a0eng u
022 1 _a1465-1041
035 _a(Sirsi) u129930
041 0 _aeng
110 2 _aRoyal Institution of Chartered Surveyors
_bPublic Affairs
_94679
240 1 _aRICS Construction Market Survey United Kingdom
245 0 0 _aRICS Construction Market Survey
260 _aLondon
_bRICS
_c[1995]-
362 0 _aLondon: October/December 1995-
362 0 _aEdinburgh: July/September 1996-
520 _aQuarterly survey of RICS members providing details of total workloads, expected workloads, expected employment, expected profit margins and labour availability nationally. Reports on activity within the public and private housing, the private commercial and industrial, and the public non-housing and infrastructure sectors. Includes workload information for each region and a summary of market comments from chartered surveyors.
554 _aFour per year
650 _aRICS CONSTRUCTION MARKET SURVEY UNITED KINGDOM
651 4 _aUnited Kingdom
_y
690 _aBUILT ENVIRONMENT-CONSTRUCTION MARKET
942 _n0
999 _c118803
_d118803